Zwei Theater

Titel: Zwei Theater : das „romantische Paradigma“ und die „Generation Porno“ / Artur Pełka
Verfasser:
In: Zeitschrift für Slawistik, Band 60, Heft 3 (2015), Seite 432-445
alle Artikel anzeigen
Veröffentlicht: 2015
Format: Aufsatz
Sprache: Deutsch
Schlagworte:
Kein Bild verfügbar
X
alg: 42655729
001A    $03025:20-02-18 
001B    $06050:24-06-21 $t10:06:06.000 
001C    $03025:20-02-18 $t14:57:53.000 
001D    $03025:20-02-18 
001U    $0utf8 
001X    $00 
002@    $0Oou 
002C    $aText $btxt $2rdacontent 
002D    $aComputermedien $bc $2rdamedia 
002E    $aOnline-Ressource $bcr $2rdacarrier 
003@    $0426557298 
004P    $010.1515/slaw-2015-0026 
007A    $0426557298 $aHEB 
010@    $ager 
010E    $erda 
011@    $a2015 
021A    $aZwei Theater $ddas „romantische Paradigma“ und die „Generation Porno“ $hArtur Pełka 
028A    $BVerfasser $4aut $71107773466 $8Pełka, Artur [Tp3] $9384888461 
031A    $d60 $e3 $h432-445 $j2015 
037A    $aenglische Zusammenfassung, Seite 432 
039B    $aEnthalten in $8--Obvc--. Zeitschrift für Slawistik. - Berlin : De Gruyter, 1956-. - Online-Ressource. - ISSN 2196-7016 $x201500000600003568 $9201613530 
044K    $RKongresspolen $RWestgalizien $#Generalgouvernement Polen $#Polska $#Rzeczpospolita Polska $#Polska Rzeczpospolita Ludowa $#Poland $#Pologne $#République Polonaise $#Generalne Gubernatorstwo w Polsce $#Polish People's Republic $#Polska Rzeczpospolita Polen $#PRL $#RP $#Polen Generalgouvernement $#Polska Generalgouvernement $#Besetzte Polnische Gebiete $#Besetztes Gebiet in Polen $#Okupowane Polskie Obszary $#Obszary Okupowane w Polsce $#Volksrepublik Polen $#Polska Rosyjska $#Republic Polen $#Respublika Pol'ša $#Pol'skaja Narodnaja Respublika $#République de Pologne $#Polen Links der Weichsel $#Polska po Lewej Stronie Wisły $#Lenkija $#Polija $#Gubernija Carstva Pol'skago $#Republik Polen $74046496-9 $8Polen [Tg1] $9085129801 
044K    $RTheaterwissenschaft $#Theater $#Théâtre $#Theaters $#Théâtres $#Theaterleben $#Theaterkultur $74059702-7 $8Theater [Ts1] $908516612X 
044K    $RKultur $#Ethnic relations $#Cultural relations $#Relations interethniques $#Relations culturelles $#Relaciones étnicas $#Relaciones culturales $#Interkulturelle Beziehungen $#kulturelle Beziehungen $#Kulturelle Beziehungen $#Kulturbeziehung $74033552-5 $8Kulturbeziehungen [Ts1] $9085089621 
045R    $aGeschichte 1989-2010 
045T    $a7,41 
045T    $aSLAW $qDE-1a $2FID 

lok: 42655729 78

exp: 42655729 78 1 #EPN
201B/01 $020-02-18 $t14:56:32.000 
201C/01 $020-02-18 
201U/01 $0utf8 
203@/01 $01018350551 
208@/01 $a20-02-18 $be 
209A/01 $a/ $f000 $x00 
209A/01 $ab*p $x01 
220C/01 $apgar 
244Z/01 $#Generalgouvernement Polen $#Polska $#Rzeczpospolita Polska $#Polska Rzeczpospolita Ludowa $#Poland $#Pologne $#République Polonaise $#Generalne Gubernatorstwo w Polsce $#Polish People's Republic $#Polska Rzeczpospolita Polen $#PRL $#RP $#Polen Generalgouvernement $#Polska Generalgouvernement $#Besetzte Polnische Gebiete $#Besetztes Gebiet in Polen $#Okupowane Polskie Obszary $#Obszary Okupowane w Polsce $#Volksrepublik Polen $#Polska Rosyjska $#Republic Polen $#Respublika Pol'ša $#Pol'skaja Narodnaja Respublika $#République de Pologne $#Polen Links der Weichsel $#Polska po Lewej Stronie Wisły $#Lenkija $#Polija $#Gubernija Carstva Pol'skago $#Republik Polen $74046496-9 $8--Tg1--Polen $x01 $9085129801 
247C/01 $82080>Marburg/Lahn, Herder-Institut, Forschungsbibliothek, Bibliographieportal $9336309341
LEADER 00000caa a2200000 c 4500
001 426557298
003 DE-603
005 20210624100606.0
007 cr||||||||||||
008 180220s2015 xx |||| o| u00||u|ger c
024 7 |a 10.1515/slaw-2015-0026  |2 doi 
035 |a (DE-599)HEB426557298 
040 |a DE-603  |b ger  |c DE-603  |d DE-603  |e rda 
041 |a ger 
084 |a 7,41  |2 ssgn 
084 |a SLAW  |q DE-1a  |2 fid 
100 1 |a Pełka, Artur  |e Verfasser  |4 aut  |0 (DE-603)384888461  |0 (DE-588)1107773466  |2 gnd 
245 0 0 |a Zwei Theater  |b das „romantische Paradigma“ und die „Generation Porno“  |c Artur Pełka 
264 0 |c 2015 
336 |a Text  |b txt  |2 rdacontent 
337 |a Computermedien  |b c  |2 rdamedia 
338 |a Online-Ressource  |b cr  |2 rdacarrier 
500 |a englische Zusammenfassung, Seite 432 
648 7 |a Geschichte 1989-2010  |2 gnd 
650 7 |a Theater  |0 (DE-588)4059702-7  |0 (DE-603)08516612X  |2 gnd 
650 7 |a Kulturbeziehungen  |0 (DE-588)4033552-5  |0 (DE-603)085089621  |2 gnd 
651 7 |a Polen  |0 (DE-588)4046496-9  |0 (DE-603)085129801  |2 gnd 
773 0 8 |i Enthalten in  |t Zeitschrift für Slawistik  |d Berlin : De Gruyter, 1956-  |h Online-Ressource  |x 2196-7016  |g Band 60, Heft 3 (2015), Seite 432-445  |w (DE-603)201613530  |w (DE-600)2434774-7 
924 1 |9 2080  |a (DE-603)1018350551  |b DE-2080  |c HES  |d d  |g /